00837cam a22002531i 4500001001300000003000400013005001700017008004100034010001700075035002000092040002300112042001200135050002000147100002900167245011000196250002100306260005300327300004100380500001600421504004100437600004200478650004600520999001700566sa 68010787 DLC20260227112555.0860508s1967 ii ac b 000 0bhin  asa 68010787  a(OCoLC)13544823 aDLCcNcDdNcDdDLC apremarc00aLA2385.N28bB471 aBhave, Savita R.,d1933-10aNānā, eka śilpakāra;bNā. Ga. Nāraḷakara vividha darśana./clekhaka Savitā Ra. Bhāve. a1. āvr̥ttī. aPuṇe :bViśvakarmā Sāhityālaya,c1967. a10, 383 p. :bill., ports. ;c22 cm. aIn Marathi. aIncludes bibliographical references.10aNaralkar, Narayan Ganesh,d1892-1966. 0aEducatorszIndiazMaharashtravBiography. c83545d83545